000 00489nam a2200193Ia 4500
008 180523s9999 xx 000 0 und d
020 _a81-7524-135-7
050 _aMAIN QD 253.2
050 _b.N49 2003
100 _aNewbury, N. F.
245 0 _aOrganic chemistry for secondary schools /
245 0 _cN.F. Newburry .
260 _aNew Delhi :
260 _bKSK Publishers,
260 _c2003
300 _a184 pages :
300 _c22 cm.
650 _aChemistry, Organic.
999 _c357533
_d357533